| 000 | 00626nam a22001937a 4500 | ||
|---|---|---|---|
| 005 | 20170630112701.0 | ||
| 010 | _aENG-119076 | ||
| 020 |
_a9789380570815 _c950 |
||
| 035 | _aEN-102608 | ||
| 037 | _bDBAD/PUB | ||
| 082 | _a372.21095456 | ||
| 100 | _aTarannum Jafri | ||
| 245 |
_aParent's participation in early childhood care and education / _cby Tarannum Jafri |
||
| 260 |
_aDelhi _bGlobal Books Organisation _c2014 |
||
| 270 | _aSaraswati House, U-9, Subhash Park, Uttam Nagar, New Delhi-110059 | ||
| 300 |
_axvii,308p _c22cm.(Hb) |
||
| 500 | _aIncludes index | ||
| 942 |
_2ddc _cEN _h372.21095456 _mJAF |
||
| 999 |
_c142196 _d142196 |
||